| 000 | 00661nam a22002057a 4500 | ||
|---|---|---|---|
| 999 |
_c10966 _d10966 |
||
| 003 | AR-CdUCM | ||
| 008 | 190402b ||||| |||| 00| 0 spa d | ||
| 040 |
_aMUNICIPALIDAD PROVINCIAL DEL CUSCO _cBIBLIOTECA MUNICIPAL DEL CUSCO |
||
| 082 |
_aEP / 901 / _bL82 |
||
| 100 |
_aLofgren, A. _928056 |
||
| 245 | _aEl mundo de las grandes aventuras / | ||
| 260 |
_aBarcelona : _bEditorial Molino, _c1961. |
||
| 300 |
_a28 paginas ; _bIlustraciones, _c30 cm. |
||
| 505 | _aContenido :Descubrimiento y colonización de América / | ||
| 650 |
_aGeografia _9318 |
||
| 650 |
_aViajes _9856 |
||
| 650 |
_aEducación primaria _91561 |
||
| 942 |
_2ddc _cLIBROS |
||
| 945 | _arjall | ||